История олимпийского движения в России (Российская империя, СССР); Экология и безопасность в техносфере: современные проблемы и пути решения
| Parent link: | Экология и безопасность в техносфере: современные проблемы и пути решения.— 2020.— [С. 40-41] |
|---|---|
| Glavni avtor: | |
| Korporativna značnica: | |
| Izvleček: | Заглавие с экрана В данной статье описывается развитие Олимпийского движения на территории России, начиная от участия спортсменов в первых современных Олимпийских играх до развала СССР. This article describes the development of the Olympic movement in Russia, from the participation of athletes in the first modern Olympic games to the collapse of the SSSR. |
| Jezik: | ruščina |
| Izdano: |
2020
|
| Serija: | Экологические основы прогрессивных технологий |
| Teme: | |
| Online dostop: | http://earchive.tpu.ru/handle/11683/57907 |
| Format: | MixedMaterials Elektronski Book Chapter |
| KOHA link: | https://koha.lib.tpu.ru/cgi-bin/koha/opac-detail.pl?biblionumber=630906 |
MARC
| LEADER | 00000naa2a2200000 4500 | ||
|---|---|---|---|
| 001 | 630906 | ||
| 005 | 20231101133632.0 | ||
| 035 | |a (RuTPU)RU\TPU\conf\32490 | ||
| 035 | |a RU\TPU\conf\32489 | ||
| 090 | |a 630906 | ||
| 100 | |a 20200225d2020 k y0rusy50 ca | ||
| 101 | 0 | |a rus |d eng | |
| 102 | |a RU | ||
| 105 | |a y z 101zy | ||
| 135 | |a drgn ---uucaa | ||
| 181 | 0 | |a i | |
| 182 | 0 | |a b | |
| 200 | 1 | |a История олимпийского движения в России (Российская империя, СССР) |f А. Д. Веретенников | |
| 203 | |a Текст |c электронный | ||
| 225 | 1 | |a Экологические основы прогрессивных технологий | |
| 230 | |a 1 компьютерный файл (pdf; 118 Kb) | ||
| 300 | |a Заглавие с экрана | ||
| 320 | |a [Библиогр.: с. 41 (3 назв.)] | ||
| 330 | |a В данной статье описывается развитие Олимпийского движения на территории России, начиная от участия спортсменов в первых современных Олимпийских играх до развала СССР. | ||
| 330 | |a This article describes the development of the Olympic movement in Russia, from the participation of athletes in the first modern Olympic games to the collapse of the SSSR. | ||
| 463 | 0 | |0 (RuTPU)RU\TPU\conf\32467 |t Экология и безопасность в техносфере: современные проблемы и пути решения |o сборник трудов Всероссийской научно-практической конференции молодых ученых, аспирантов и студентов, г. Юрга, 13-14 ноября 2020 г. |f Национальный исследовательский Томский политехнический университет (ТПУ), Юргинский технологический институт (ЮТИ) ; под ред. С. А. Солодского |v [С. 40-41] |d 2020 | |
| 610 | 1 | |a электронный ресурс | |
| 610 | 1 | |a труды учёных ТПУ | |
| 610 | 1 | |a олимпийское движение | |
| 610 | 1 | |a Россия | |
| 610 | 1 | |a Олимпийские игры | |
| 610 | 1 | |a история | |
| 700 | 1 | |a Веретенников |b А. Д. | |
| 712 | 0 | 2 | |a Национальный исследовательский Томский политехнический университет |b Юргинский технологический институт |c (2009- ) |h 349 |2 stltpush |3 (RuTPU)RU\TPU\col\15903 |
| 801 | 2 | |a RU |b 63413507 |c 20200227 |g RCR | |
| 856 | 4 | |u http://earchive.tpu.ru/handle/11683/57907 | |
| 942 | |c BK | ||